Pharmacology-II (Record no. 13416)

MARC details
000 -LEADER
fixed length control field 00381nam a22001697a 4500
003 - CONTROL NUMBER IDENTIFIER
control field OSt
008 - FIXED-LENGTH DATA ELEMENTS--GENERAL INFORMATION
fixed length control field 250424b |||||||| |||| 00| 0 eng d
020 ## - INTERNATIONAL STANDARD BOOK NUMBER
International Standard Book Number 9789389406625
082 ## - DEWEY DECIMAL CLASSIFICATION NUMBER
Classification number 615 TET
100 ## - MAIN ENTRY--PERSONAL NAME
Personal name Tembhurne, Sachine.V
245 ## - TITLE STATEMENT
Title Pharmacology-II
250 ## - EDITION STATEMENT
Edition statement 5th
260 ## - PUBLICATION, DISTRIBUTION, ETC. (IMPRINT)
Place of publication, distribution, etc Delhi
Name of publisher, distributor, etc Nirali
Date of publication, distribution, etc 2024
300 ## - PHYSICAL DESCRIPTION
Extent 26.16
650 ## - SUBJECT ADDED ENTRY--TOPICAL TERM
Topical term or geographic name as entry element Pharmacology-II
942 ## - ADDED ENTRY ELEMENTS (KOHA)
Source of classification or shelving scheme Dewey Decimal Classification
Koha item type Text Books
Holdings
Withdrawn status Lost status Source of classification or shelving scheme Damaged status Not for loan Collection code Home library Current library Date acquired Source of acquisition Currency Cost, normal purchase price Bill Number Total Checkouts Full call number Acc. no. / Barcode Date last seen Actual Cost, discounted price Bill Date Koha item type Date last borrowed
    Dewey Decimal Classification     B.Pharma PIET C-LIBRARY PIET C-LIBRARY 15/04/2025 Zafaa Books Distributres Rs 410.00 ZBD0026   615 TET BP2739 24/04/2025 307.50 11/04/2025 Reference Books  
    Dewey Decimal Classification     B.Pharma PIET C-LIBRARY PIET C-LIBRARY 15/04/2025 Zafaa Books Distributres Rs 410.00 ZBD0026   615 TET BP2740 24/04/2025 307.50 11/04/2025 Text Books  
    Dewey Decimal Classification     B.Pharma PIET C-LIBRARY PIET C-LIBRARY 15/04/2025 Zafaa Books Distributres Rs 410.00 ZBD0026 2 615 TET BP2741 06/08/2025 307.50 11/04/2025 Text Books 21/07/2025
    Dewey Decimal Classification     B.Pharma PIET C-LIBRARY PIET C-LIBRARY 15/04/2025 Zafaa Books Distributres Rs 410.00 ZBD0026 1 615 TET BP2742 12/09/2025 307.50 11/04/2025 Text Books 26/08/2025
    Dewey Decimal Classification     B.Pharma PIET C-LIBRARY PIET C-LIBRARY 15/04/2025 Zafaa Books Distributres Rs 410.00 ZBD0026   615 TET BP2743 24/04/2025 307.50 11/04/2025 Text Books  

Design & Developed by: PIET Central Library
R70 Miles Stone Pattikalyana Samalkha Panipat 132102
mail ID :- [email protected], Phone No:- 0180-2569700 Ex.216